000
00340nam a22001097a 4500
082
_a
900
100
_a
भैरव लाल दास
_9
81739
245
_a
गदर आंदोलन का इतिहास
260
_a
नई दिल्ली
_b
ज्ञान गंगा
_c
2025
650
_a
इतिहास
942
_c
HIN
999
_c
68868
_d
68868